000 00639nam a2200229 a 4500
001 BRCA_7871
005 20190320210031.0
008 191113s1963----fr-a######---#000-0#fre-#
041 _afre
044 _afr
050 4 _aNK7486
_b.F54 1963
100 1 _aFleet, Simon
_97632
245 1 0 _aHorloges et pendules
_cSimon Fleet ; texte francais de Alice Leray.
260 _a[París]
_bHachette
_cc1963
300 _a128 p.
_bil. a color, 35 láminas
_c21 cm.
500 _aVer también AA46 (ed. en inglés)
500 _aY132
650 1 4 _aRelojes
_xHistoria
_919473
700 1 _aLeray, Alice
_919474
902 _aGFM
942 _2lcc
_cB
999 _c7545
_d7545